| 000 | 00327nam a22001337a 4500 | ||
|---|---|---|---|
| 082 |
_a158 _bCHA/T |
||
| 100 | _aCHANDLER,STEVE | ||
| 100 | _aSCOTT,RICHARDSON | ||
| 245 | _a TWENTY FIVE WAYS TO MOTIVATE PEOPLE | ||
| 260 |
_aDELHI _bJAICO PUBLISHING HOUSE |
||
| 300 | _a32 | ||
| 650 |
_aPERSONALITY DEVEOPMENT _zDELHI |
||
| 942 | _cBK | ||
| 999 |
_c5147 _d5147 |
||